000 00549 a2200217 4500
005 20260417125233.0
008 260417b |||||||| |||| 00| 0 eng d
020 _a9781529781083
_c£ 56.00
040 _aMAIN
082 _a157.9
_bH194S(5)
100 _aHanley, Terry
245 _a Sage handbook of counselling and psychotherapy
250 _a5th
260 _bSage
_c2023
_aNew Delhi
300 _aix, 650
650 _aPsychology
650 _aCounselling
650 _aPsychotherapy
700 _aWinter, Laura Anna
942 _cBK
999 _c396745
_d396745